000 00495nam a2200145Ia 4500
008 100204s9999 xx 000 0 und d
082 _b24720
100 _aगोडबोले अरुण
245 _aदिवस प्रतिक्षेचे
260 _b"कौशिक प्रकाशन , पुणे"
_c1995
300 _a76
630 _aदिवस प्रतिक्षेचे
730 _aदिवस प्रतिक्षेचे
942 _cBOOK
999 _c469901
_d469898